000 00741nam a22001937a 4500
003 CO-ViMGA
008 151204b xxu||||| |||| 00| 0 eng d
020 _a9789582010737
040 _aCO-ViMGA
_bspa
_cCO-ViMGA
082 0 4 _a530.08 C15f
100 1 _aDe Campos Valadares, Eduardo.
_91313
245 1 0 _aFísica más que divertida Tomo I:
_bInventos electrizantes en materiales reciclados o de bajo costo
_cDe Campos Valadares, Eduardo.
250 _aOropeza Rosas, Ileana; Mora, Nancy y Valenzuela, Mariana
260 _aBogotá, D.C. Colombia
_bCooperativa Editorial Magisterio
_c2012
300 _a171 p.
650 1 4 _aFísica
_91314
700 1 _aOropeza Rosas, Ileana; Mora, Nancy y Valenzuela, Mariana
_91315
942 _2ddc
_cBK
999 _c12250
_d12250